Values of German exports of electrical apparatus and equipment.

Bibliographic Details
Corporate Author: United States. Department of Commerce
Format: Government Document eBook
Language:English
Published: [Washington] : GPO, 1930.
Subjects:
Online Access:Connect to the full text of this electronic document

MARC

Tag First Indicator Second Indicator Subfields
LEADER 00000cam a22000001a 4500
001 in00003682425
005 20190408175007.0
006 m o d f
007 cr bn mmmapmmp
008 141203s1930 dcu o f000 0 eng d
035 |a ebd1910204256 
040 |a UMI  |c UMI  |d UtOrBLW 
086 0 |a C 18.158:930/1 
099 |a C18.158-3 
110 1 |a United States.  |b Department of Commerce.  |0 http://id.loc.gov/authorities/names/n79071034 
245 1 0 |a Values of German exports of electrical apparatus and equipment. 
264 1 |a [Washington] :  |b GPO,  |c 1930. 
300 |a 1 online resource (3 ovolumes pages) 
336 |a text  |b txt  |2 rdacontent 
337 |a computer  |b c  |2 rdamedia 
338 |a online resource  |b cr  |2 rdacarrier 
500 |a Monthly report presenting data on the value of German electrical equipment exports, by product and country of destination. 
533 |a Electronic reproduction.  |b [Bethesda, Md.] :  |c ProQuest,  |d 2014.  |e digital, PDF file.  |n ProQuest U.S. Executive Branch Documents  |n Mode of access: World Wide Web via ProQuest website. 
588 |a Record is based on online resource; title from PDF title page (ProQuest, last viewed Dec. 2014). Reuse except for individual research requires license from ProQuest, LLC. 
500 |a Electronic resource. 
650 0 |a Batteries (Ordnance)  |0 http://id.loc.gov/authorities/subjects/sh85012405 
650 0 |a Engines.  |0 http://id.loc.gov/authorities/subjects/sh85043258 
650 0 |a Household appliances.  |0 http://id.loc.gov/authorities/subjects/sh85062574 
650 0 |a Radio.  |0 http://id.loc.gov/authorities/subjects/sh85110385 
655 7 |a Electronic books.  |2 local 
856 4 0 |u http://proxy.library.tamu.edu/login?url=http://congressional.proquest.com/congressional/docview/t66.d71.c18.158-3  |z Connect to the full text of this electronic document  |t 0 
999 f f |s 70f19f11-68f0-3153-8c9b-cfd1eb60bd8f  |i 7ed98e9e-aa60-3898-9b27-5c7b71dc4f0c  |t 0 
952 f f |a Texas A&M University  |b College Station  |c Electronic Resources  |d Available Online  |t 0  |h No information provided 
998 f f |t 0  |l Available Online